000 00425nam a2200193Ia 4500
005 20240823035414.0
008 240823s9999||||xx |||||||||||||| ||und||
020 _a978-81-291-2048-9
041 _aENGLISH
082 _A823.92 Q2
100 _aRavi Subramanian
245 4 _aThe Bankster
250 _a1st
260 _c2012
_bRupa
500 _aYES
650 _aBankster
_bGeneral
942 _cBK
999 _c200609
_d200609